000 00403nam a2200181Ia 4500
008 220531s9999 xx 000 0 und d
041 _aeng
082 _bBRO
100 _aBronte, Emile
_945669
245 _aWuthering Heights
250 _a1ST
260 _bUBSBD
_c1999
300 _a346
542 _d20-08-2003
650 _aEnglish
_945670
906 _d2003-2004
999 _c26942
_d26942